00558nam a22002057a 450000500170000001000130001702000220003003500130005203700160006504000120008108200160009310000230010924500450013226000510017727000490022830000240027750000190030165000210032065000110034120170124110151.0 aA-991552 c00.00a8176480304 aA-991552 bCen Lib/Ret aDPLbEN a647.92bCHA aChakravarti, B. K. aHotel management /cby B. K. Chakravarti aNew DelhibA.P.H. Publishing Corporationc1999 a5, Ansari Road Darya GanjbNew Delhie110002 axi,303p. c22cm(Hb) aIncludes index aHotel management aHotels